000 00360 a2200169 4500
001 57230
020 _a8516008975
040 _cAnchieta - Pituba
100 _aCarrasco, Walcyr
240 1 0 _aA corrente da vida
_lpor
245 1 0 _aA corrente da vida
300 _a79
362 0 _a1998
440 1 _aModerna
650 4 _aLiteratura juvenil
942 _cBK
999 _c57230
_d57230